000 01580nam a2200373Ia 4500
001 vtls003208222
003 MY-SjTCS
005 20200226114334.0
006 m u
007 cr cn|||||||||
008 100906s2005 wiu sb s001 0 eng d
010 _z 2004-025717
020 _z0299209709 (hardcover : alk. paper)
020 _z9780299209742
035 _a(CaPaEBR)ebr10286275
039 9 _y201009061356
_zVLOAD
040 _aCaPaEBR
_cCaPaEBR
050 1 4 _aPS3561.I483
_bZ885 2005eb
100 1 _aStrengell, Heidi.
245 1 0 _aDissecting Stephen King
_h[electronic resource] :
_bfrom the Gothic to literary naturalism /
_cHeidi Strengell.
260 _aMadison, Wis. :
_bUniversity of Wisconsin Press/Popular Press,
_cc2005.
300 _ax, 308 p.
500 _a"A Ray and Pat Browne book."
504 _aIncludes bibliographical references (p. 275-292) and index.
529 _aTSLHHL
533 _aElectronic reproduction.
_bPalo Alto, Calif. :
_cebrary,
_d2009.
_nAvailable via World Wide Web.
_nAccess may be limited to ebrary affiliated libraries.
600 1 0 _aKing, Stephen,
_d1947-
_xCriticism and interpretation.
650 0 _aHorror tales, American
_xHistory and criticism.
650 0 _aGothic revival (Literature)
_zUnited States.
650 0 _aNaturalism in literature.
655 7 _aElectronic books.
_2local
710 2 _aebrary, Inc.
_925628
856 4 0 _uhttps://ezproxy.taylors.edu.my/login?url=http://site.ebrary.com/lib/taylorscollege/Doc?id=10286275
_zAn electronic book accessible through the World Wide Web; click to view
999 _c130854